000 00445nam a2200169 4500
003 SEACOMMC
005 20250428145635.0
008 241218b |||||||| |||| 00| 0 eng d
020 _a81-72733-38-0
_cRs.550.00
040 _aSEACOMMC
082 _a 659.1
_bB 165
100 _aBajpaye, Alok
245 _aAdvertising Management
_cAlok Bajpaye
260 _a New Delhi
_b Authors Press
_c 2006
650 _aBusiness & Management
942 _cBOOK
999 _c898
_d898